| 000 | 00511nam a2200217Ia 4500 | ||
|---|---|---|---|
| 008 | 170918s9999 xx 000 0 und d | ||
| 020 | _a9780440422471 | ||
| 050 | _bA648ho 2009 | ||
| 100 | _aAppelbaum, Susannah | ||
| 245 | 4 | _aThe hollow bettle / | |
| 245 | _cby Susannah Appelbaum. | ||
| 260 | _aNew York : | ||
| 260 | _bBluefire, | ||
| 260 | _c2009 | ||
| 300 | _a399 pages : | ||
| 300 | _billustrations ; | ||
| 300 | _c19cm. | ||
| 300 | _eThe poison of Caux ; | ||
| 440 | _a1 | ||
| 500 | _a1010 | ||
| 999 |
_c343927 _d343927 |
||